000 01904nam a2200421 a 4500
999 _c118431
_d118431
003 BLK
005 20241016142834.0
008 180409b bul|||||r ||||||| ||bul||
010 _aKNG00124033000
040 _aBLK
041 _aBUL
_cBUL
080 _aМузикални изпълнители (инструменталисти, певци), интерпретатори, диригенти
_b78.071.2
_x(497.2)(092)
_z78.071.2(497.2)(092)
080 _aБългарски диригент
_b929 Найденов, Асен Яков
_z929 Найденов, Асен Яков
100 1 _aБончев, Марин Цолов
_eпърви автор
_9273278
139 _aБончев, Марин Цолов
_bН 17
245 1 0 _aАсен Найденов
_bПри патриарха на бълг. оперен театър : Биогр.
_cМарин Бончев, предг. от Розалия Бикс.
257 _aBGR
260 _aСофия
_bМузика
_c1985
_fЯмбол : Г. Димитров
300 _a207 с.
_b16 л. ил., портр., факс.
_c20 см
380 _a7
490 _aБългарски изпълнители
_9204948
500 _aтир. 834
600 0 _aНайденов, Асен Яков
_cДиригент
_d1899 - 1995
_9315674
650 4 _aДиригенти, български
_9246357
651 4 _aБългария
_9241624
653 _aдиригенти
653 _aБългария
653 _aАсен Найденов
700 _91236
_aБикс, Розалия Александрова
_eпредг. от
852 _aЦб 133523
856 4 _qpdf
_i0.00
_ldisable
856 4 _qpdf
_i0.00
_ldisable
942 _cKNG
_n0
_s1
944 _aCR
_c29.06.2011
_lСевдалина Тодорова
_k30540
944 _aED
_c2023-04-28
_l2023-04-28
_kир
999 _d118431
999 _d118431